000 00950nam a22002897a 4500
001 BR0704760
003 BR-BrBNA
005 20230928102536.0
007 ta
008 230509b bl.||||| |||| 00| 0 por d
040 _aBR-BrBNA
_bpor
_cBiblioteca Nacional de Agricultura
041 _a(Por)
072 _aL73
_b4150
090 _ 4150 BR0704760
100 1 _aLima, E. de Q.
110 1 _aDepartamento Nacional da Produção Animal, Rio de Janeiro, GB (Brasil). Inst. de Biologia Animal
_93209
245 1 _aNovos rumos na epizootiologia e na prophylaxia da raiva dos herbivoros
260 3 _aRio de Janeiro, GB (Brasil):
_c1935.
300 _a10 p.
500 _aReprint of "Boletim do Ministério da AGricultura" (Apr/Jun 1935)v. 24; Documento microfilmado e tratado BR7316363
650 _aRAIVA
650 _aEPIDEMIA
650 _aPROFILAXIA
650 _aDOENÇA ANIMAL
909 _a202309
_bLucia
_c55
_dLucia Elande
942 _cBK
999 _c71297
_d71297